Caricamento...

Koythinte Naravamsasathyangal: karutha manikalute koythu/

Dettagli Bibliografici
Autore principale: Rajagopalan C R
Natura: Printed Book
Pubblicazione: Edapal: Vallathol Vidyapeetham, 2014
Serie:Vallothal Vidyapeetham Prabandhavali;10
Soggetti:
LEADER 00856nam a22001937a 4500
020 |a 9789383570072 
082 |a M 398.242  |b RAJ/K 
100 |a Rajagopalan C R  |9 36413 
245 |a Koythinte Naravamsasathyangal: karutha manikalute koythu/  |c by Rajagopalan C R 
260 |a Edapal:  |b Vallathol Vidyapeetham,  |c 2014 
490 |a Vallothal Vidyapeetham Prabandhavali;10 
650 |a Folklore Study  |9 36414 
650 |a Folk Songs  |9 36415 
650 |a Folk literature  |9 36416 
650 |a Social Sciences  |9 36417 
942 |c BK 
999 |c 70517  |d 70517 
952 |0 0  |1 0  |4 0  |6 M_398_242000000000000_RAJ_K  |7 0  |9 91055  |a SSUS  |b SSUS  |c STACKS  |d 2018-03-06  |g 30.00  |o M 398.242 RAJ/K  |p 087987  |r 2018-03-06  |w 2018-03-06  |y BK 
952 |0 0  |1 0  |4 0  |6 M_398_242000000000000_RAJ_K  |7 0  |9 91056  |a SSUS  |b SSUS  |c STACKS  |d 2019-05-03  |g 30.00  |l 2  |o M 398.242 RAJ/K  |p 095264  |r 2020-10-20  |s 2020-08-10  |w 2019-05-03  |y BK